Inside the multi-generational family business : nine symptoms of generational stack-up and how to cure them /

Bibliographic Details
Main Author: Green, Mark T., 1964-
Format: Book
Language:English
Published: New York : Palgrave Macmillan, 2011.
Series:Family business publication.
Subjects:

MARC

Tag First Indicator Second Indicator Subfields
LEADER 00000cam a2200000 a 4500
001 in00002697828
005 20151202122112.0
008 100902s2011 nyua b 001 0 eng
010 |a  2010036899 
020 |a 9780230111844 (alk. paper) 
020 |a 023011184X (alk. paper) 
035 |a (OCoLC)ocn661183986 
040 |a DLC  |c DLC  |d UtOrBLW 
049 |a TXAM 
050 0 0 |a HD62.25  |b .G74 2011 
082 0 0 |a 658/.045  |2 22 
100 1 |a Green, Mark T.,  |d 1964- 
245 1 0 |a Inside the multi-generational family business :  |b nine symptoms of generational stack-up and how to cure them /  |c Mark T. Green. 
264 1 |a New York :  |b Palgrave Macmillan,  |c 2011. 
300 |a xiv, 192 pages :  |b illustrations ;  |c 24 cm. 
336 |a text  |b txt  |2 rdacontent 
337 |a unmediated  |b n  |2 rdamedia 
338 |a volume  |b nc  |2 rdacarrier 
490 1 |a A family business publication 
504 |a Includes bibliographical references and index. 
505 0 |a The syndrome of generational stack-up -- Control beyond the grave -- Who's (or what's) your daddy? -- Battle of the super-women -- Meet the MEOWs : Mommy Executive Officer Women -- Boomer retirement mirage -- My child, my boss -- Generation-straddling siblings -- Comfortable Gen X -- Wimpy Gen Y -- Surviving generational stack-up now and later. 
650 0 |a Family-owned business enterprises  |x Management. 
650 0 |a Intergenerational relations. 
830 0 |a Family business publication. 
945 |a PromptCat  |b 379962 
946 |a west,stk 
947 |a A14840420344 
948 |a cataloged  |b h  |c 2011/6/13  |d c  |e dmitchel  |f 11:20:10 am 
994 |a 92  |b TXA 
999 |a MARS 
999 f f |s 5614f17a-4683-30da-be5b-8633650dee1f  |i 39d5cc7d-ab1d-3c1c-937e-ff6a1eed4158  |t 0 
952 f f |p ric  |a Texas A&M University  |b Rellis Campus  |c Joint Library Facility  |d Remote Storage  |t 0  |e HD62.25 .G74 2011  |h Library of Congress classification  |i unmediated -- volume  |m A14840420344 
998 f f |a HD62.25 .G74 2011  |t 0  |l Remote Storage